<?xml version="1.0" encoding="UTF-8"?>
<record
    xmlns:xsi="http://www.w3.org/2001/XMLSchema-instance"
    xsi:schemaLocation="http://www.loc.gov/MARC21/slim http://www.loc.gov/standards/marcxml/schema/MARC21slim.xsd"
    xmlns="http://www.loc.gov/MARC21/slim">

  <leader>00926nam a2200241 a 4500</leader>
  <controlfield tag="001">BRCA_1107</controlfield>
  <controlfield tag="005">20190320203301.0</controlfield>
  <controlfield tag="008">010503s2001    sp-a---##b---#000-0dspa-#</controlfield>
  <datafield tag="020" ind1=" " ind2=" ">
    <subfield code="a">8495146665</subfield>
  </datafield>
  <datafield tag="040" ind1=" " ind2=" ">
    <subfield code="a">DLC</subfield>
    <subfield code="c">DLC</subfield>
  </datafield>
  <datafield tag="050" ind1=" " ind2="4">
    <subfield code="a">DP178</subfield>
    <subfield code="b">.A38 2001</subfield>
  </datafield>
  <datafield tag="100" ind1="1" ind2=" ">
    <subfield code="a">Aguil&#xF3; Alonso, Mar&#xED;a Paz</subfield>
    <subfield code="9">3566</subfield>
  </datafield>
  <datafield tag="245" ind1="1" ind2="0">
    <subfield code="a">Orden y decoro</subfield>
    <subfield code="b">Felipe II y el amueblamiento del Monasterio de El Escorial</subfield>
    <subfield code="c">Mar&#xED;a Paz Aguil&#xF3; Alonso.</subfield>
  </datafield>
  <datafield tag="260" ind1=" " ind2=" ">
    <subfield code="a">[Madrid]</subfield>
    <subfield code="b">Sociedad Estatal para la Conmemoraci&#xF3;n de los Centenarios de Felipe II y Carlos V</subfield>
    <subfield code="c">[2001]</subfield>
  </datafield>
  <datafield tag="300" ind1=" " ind2=" ">
    <subfield code="a">232 p.</subfield>
    <subfield code="b">il. (algunas a color)</subfield>
    <subfield code="c">24 cm.</subfield>
  </datafield>
  <datafield tag="504" ind1=" " ind2=" ">
    <subfield code="a">Bibliograf&#xED;a: p. 225-232</subfield>
  </datafield>
  <datafield tag="600" ind1="1" ind2="4">
    <subfield code="a">Philip</subfield>
    <subfield code="b">II</subfield>
    <subfield code="c">Rey de Espa&#xF1;a</subfield>
    <subfield code="d">1527-1598</subfield>
    <subfield code="9">3652</subfield>
  </datafield>
  <datafield tag="610" ind1="2" ind2="4">
    <subfield code="a">Escorial</subfield>
    <subfield code="9">3653</subfield>
  </datafield>
  <datafield tag="650" ind1="1" ind2="4">
    <subfield code="a">Muebles</subfield>
    <subfield code="x">Historia</subfield>
    <subfield code="y">Siglo XVI</subfield>
    <subfield code="z">Espa&#xF1;a</subfield>
    <subfield code="9">3654</subfield>
  </datafield>
  <datafield tag="650" ind1="1" ind2="4">
    <subfield code="a">Talla en madera espa&#xF1;ola</subfield>
    <subfield code="x">Historia</subfield>
    <subfield code="y">Siglo XVI</subfield>
    <subfield code="z">Espa&#xF1;a</subfield>
    <subfield code="9">3655</subfield>
  </datafield>
  <datafield tag="650" ind1="1" ind2="4">
    <subfield code="a">Ebanistas</subfield>
    <subfield code="v">Biograf&#xED;a</subfield>
    <subfield code="z">Espa&#xF1;a</subfield>
    <subfield code="9">3656</subfield>
  </datafield>
  <datafield tag="942" ind1=" " ind2=" ">
    <subfield code="2">lcc</subfield>
    <subfield code="c">B</subfield>
  </datafield>
  <datafield tag="999" ind1=" " ind2=" ">
    <subfield code="c">986</subfield>
    <subfield code="d">986</subfield>
  </datafield>
  <datafield tag="952" ind1=" " ind2=" ">
    <subfield code="0">0</subfield>
    <subfield code="1">0</subfield>
    <subfield code="4">0</subfield>
    <subfield code="7">0</subfield>
    <subfield code="a">BRCA</subfield>
    <subfield code="b">BRCA</subfield>
    <subfield code="d">2008-06-26</subfield>
    <subfield code="l">0</subfield>
    <subfield code="o">DP178 .A38 2001</subfield>
    <subfield code="p">01633</subfield>
    <subfield code="r">2019-03-22 00:00:00</subfield>
    <subfield code="w">2019-03-22</subfield>
    <subfield code="y">B</subfield>
  </datafield>
</record>
